000 00263nam a22001217a 4500
008 181024b xxu||||| |||| 00| 0 eng d
041 _aeng
080 _a575
100 _a5
101 _aBIO
245 _aPrinciples of Biochemistry
_cWhite,A
942 _2udc
_cBK
999 _c50848
_d50848